Loading...
| Current Events | 2 | 20.00 | 100% | 100% | 0% |
| Fine Arts - Classical Music | 7 | 11.43 | 86% | 29% | 0% |
| Fine Arts - Other | 4 | 7.50 | 50% | 25% | 0% |
| Fine Arts - Painting and Sculpture | 7 | 17.14 | 100% | 71% | 0% |
| Geography | 2 | 25.00 | 100% | 100% | 50% |
| History - American | 5 | 10.00 | 80% | 20% | 0% |
| History - European | 7 | 17.14 | 100% | 71% | 0% |
| History - Other | 7 | 14.29 | 71% | 57% | 14% |
| History - World | 5 | 18.00 | 100% | 80% | 0% |
| Literature - American | 7 | 8.57 | 57% | 14% | 14% |
| Literature - British | 6 | 10.00 | 100% | 0% | 0% |
| Literature - European | 6 | 13.33 | 100% | 17% | 17% |
| Literature - World | 4 | 10.00 | 75% | 25% | 0% |
| Mythology | 5 | 20.00 | 80% | 80% | 40% |
| Philosophy | 5 | 18.00 | 80% | 80% | 20% |
| Pop Culture | 2 | 15.00 | 100% | 50% | 0% |
| Religion | 5 | 14.00 | 100% | 40% | 0% |
| Science - Biology | 4 | 7.50 | 75% | 0% | 0% |
| Science - Chemistry | 4 | 15.00 | 75% | 75% | 0% |
| Science - Other | 4 | 15.00 | 75% | 75% | 0% |
| Science - Physics | 4 | 17.50 | 100% | 75% | 0% |
| Social Science | 2 | 0.00 | 0% | 0% | 0% |